000 00848nam a22002057a 4500
003 0
005 20241011131246.0
008 241011b xxu||||| |||| 00| 0 eng d
020 _a9781501388569
050 _aPN 1992.8
_b.Sh53 2023
100 _aShaviro, Steven,
_eauthor.
245 _aThe rhythm image :
_bmusic videos and new audiovisual forms /
_cSteven Shaviro.
260 _aNew York :
_bBloomsbury Academic,
_c2023.
300 _axii, 213 p. :
_bill. ;
_c23 cm.
500 _aNew approaches to sound, music, and media.
504 _aIncludes bibliographical references and index.
520 _a"Analyzes recent music videos in depth, and considers how they reflect new technologies and new cultural conditions, from an audiovisual perspective"--Provided by publisher.
650 _aMusic videos
_vHistory and criticism.
942 _2lcc
_cBK
999 _c366511
_d366511